[Event "GBR-ch89 Major Open"]
[Site "Torquay"]
[Date "2002.08.06"]
[Round "8"]
[White "Walton, Alan J"]
[Black "Mycroft, Richard"]
[Result "0-1"]
[WhiteElo "2157"]
[BlackElo "2053"]
[PlyCount "86"]
[EventDate "2002.07.29"]
[EventType "swiss"]
[EventRounds "11"]
[EventCountry "GBR"]

1. d4 c5 2. d5 d6 3. e4 g6 4. Be3 Bg7 5. Nc3 Nf6 6. Qd2 Qa5 7. h3 O-O 8. Be2 a6
9. f3 Re8 10. g4 e6 11. g5 Nh5 12. Kf2 Bxc3 13. Qxc3 Qxc3 14. bxc3 exd5 15.
exd5 Bf5 16. Bd3 Nd7 17. Bxf5 gxf5 18. Ne2 b5 19. Rhe1 Nb6 20. Rad1 Re5 21. Nf4
Rxe3 22. Nxh5 Rxc3 23. Re2 Kf8 24. Nf6 Kg7 25. Rde1 f4 26. Nh5+ Kg6 27. Nxf4+
Kxg5 28. Re7 Rxc2+ 29. Kg3 Rg8 30. Rxf7 Kh6+ 31. Kh4 Rc4 32. Ree7 Rxf4+ 33.
Rxf4 Nxd5 34. Re6+ Rg6 35. Rfe4 c4 36. Rxg6+ hxg6 37. Re6 c3 38. Rxd6 Nb4 39.
Rd8 Nxa2 40. Rh8+ Kg7 41. Rc8 b4 42. Kg5 b3 43. Rc7+ Kf8 0-1

[Event "GBR-ch89 Major Open"]
[Site "Torquay"]
[Date "2002.08.07"]
[Round "9"]
[White "French, Angus J"]
[Black "Walton, Alan J"]
[Result "1-0"]
[WhiteElo "2090"]
[BlackElo "2157"]
[PlyCount "97"]
[EventDate "2002.07.29"]
[EventType "swiss"]
[EventRounds "11"]
[EventCountry "GBR"]

1. e4 e6 2. d4 d5 3. Nc3 Nf6 4. e5 Nfd7 5. Qh5 c5 6. Nf3 cxd4 7. Nxd4 g6 8. Qg4
Nxe5 9. Qg3 Bg7 10. Bf4 f6 11. Bb5+ Kf7 12. O-O-O Bd7 13. Bxe5 fxe5 14. Nf3
Bxb5 15. Nxb5 Bh6+ 16. Kb1 Nc6 17. Nxe5+ Nxe5 18. Qxe5 Qf6 19. Qc7+ Qe7 20.
Rhe1 Rad8 21. Qxe7+ Kxe7 22. Nc7 Rd6 23. Nxd5+ Kf7 24. Nc3 Rd2 25. Ne4 Rd5 26.
Nd6+ Kf6 27. Rxd5 exd5 28. Nxb7 Bd2 29. Re2 Bb4 30. a3 Be7 31. Na5 Bd6 32. g3
h5 33. Nc6 h4 34. b4 hxg3 35. hxg3 Rh2 36. Nd4 Rh1+ 37. Kb2 Be5 38. c3 Bxd4 39.
cxd4 Rd1 40. Kc3 Ra1 41. Kb3 Rd1 42. Kc3 Ra1 43. b5 Rxa3+ 44. Kb4 Rd3 45. Kc5
Rb3 46. Ra2 Ke6 47. Ra6+ Kf5 48. Rxa7 Ke4 49. Re7+ 1-0

[Event "GBR-ch89 Major Open"]
[Site "Torquay"]
[Date "2002.08.07"]
[Round "9"]
[White "Greet, Andrew"]
[Black "Prokopchuk, Evgeny"]
[Result "1/2-1/2"]
[WhiteElo "2243"]
[BlackElo "2514"]
[PlyCount "73"]
[EventDate "2002.07.29"]
[EventType "swiss"]
[EventRounds "11"]
[EventCountry "GBR"]

1. Nf3 Nf6 2. c4 d6 3. Nc3 e5 4. d4 Nbd7 5. e3 Be7 6. Be2 O-O 7. O-O c6 8. b4
exd4 9. exd4 Nb6 10. Qb3 Bf5 11. h3 Ne4 12. Nxe4 Bxe4 13. Be3 Bf6 14. Nd2 Re8
15. Rad1 d5 16. c5 Nd7 17. Nxe4 Rxe4 18. Bf3 Re8 19. Rfe1 Nf8 20. g3 Ne6 21.
Re2 g6 22. h4 h5 23. Red2 Ng7 24. Bg2 Ne6 25. Bh3 Bg7 26. Rd3 f5 27. a4 Kh7 28.
Qc2 Qc7 29. R1d2 Re7 30. Qd1 Rf8 31. Re2 f4 32. Bxe6 f3 33. Bf4 fxe2 34. Qxe2
Be5 35. Qxe5 Qxe5 36. Bxe5 Rxe6 37. a5 1/2-1/2

[Event "GBR-ch89 Major Open"]
[Site "Torquay"]
[Date "2002.08.07"]
[Round "9"]
[White "Kelly, Ian G"]
[Black "Purton, Ben"]
[Result "1-0"]
[WhiteElo "2041"]
[BlackElo "2067"]
[PlyCount "47"]
[EventDate "2002.07.29"]
[EventType "swiss"]
[EventRounds "11"]
[EventCountry "GBR"]

1. Nf3 d6 2. c4 e5 3. Nc3 f5 4. d4 e4 5. Nd2 Nf6 6. e3 Be7 7. f3 exf3 8. Nxf3
O-O 9. Bd3 Nc6 10. O-O a6 11. a3 Bd7 12. Qc2 g6 13. e4 fxe4 14. Nxe4 Nxe4 15.
Bxe4 Kg7 16. Be3 Bf5 17. Bxf5 Rxf5 18. d5 Ne5 19. Nd4 Rxf1+ 20. Rxf1 Qd7 21.
Ne6+ Kg8 22. Qf2 h5 23. Bd4 Bd8 24. Qf8+ 1-0

[Event "GBR-ch89 Major Open"]
[Site "Torquay"]
[Date "2002.08.07"]
[Round "9"]
[White "Khoo, Teresa"]
[Black "Van Kemenade, Rudy"]
[Result "1-0"]
[WhiteElo "2122"]
[BlackElo "2141"]
[PlyCount "63"]
[EventDate "2002.07.29"]
[EventType "swiss"]
[EventRounds "11"]
[EventCountry "GBR"]

1. e4 e5 2. Nf3 Nf6 3. Nxe5 d6 4. Nf3 Nxe4 5. d4 d5 6. Bd3 Nc6 7. O-O Be7 8. c4
Nb4 9. Be2 c6 10. a3 Na6 11. Nc3 f5 12. Qb3 Nc7 13. Bf4 Bd6 14. Bxd6 Qxd6 15.
cxd5 Nxc3 16. bxc3 Nxd5 17. Rfe1 Kf8 18. Ne5 g6 19. Bf3 Kg7 20. c4 Nf4 21. d5
cxd5 22. cxd5 Re8 23. Qb2 Qf6 24. Rad1 Rb8 25. Qc1 Re7 26. Qxf4 g5 27. Qd4 g4
28. d6 Re6 29. Bd5 Rxd6 30. Qxa7 Be6 31. Qxb8 Bxd5 32. Rxd5 1-0

[Event "GBR-ch89 Major Open"]
[Site "Torquay"]
[Date "2002.08.07"]
[Round "9"]
[White "Lutton, J Ezra"]
[Black "Dunn, Andrew M"]
[Result "1/2-1/2"]
[WhiteElo "2093"]
[BlackElo "2094"]
[PlyCount "53"]
[EventDate "2002.07.29"]
[EventType "swiss"]
[EventRounds "11"]
[EventCountry "GBR"]

1. Nc3 Nc6 2. e4 e5 3. Bc4 Nf6 4. d3 Bb4 5. Bg5 h6 6. Bxf6 Bxc3+ 7. bxc3 Qxf6
8. Ne2 d6 9. O-O g5 10. Bb5 Bg4 11. Qd2 Bxe2 12. Qxe2 h5 13. Qe3 O-O 14. Bxc6
bxc6 15. Rfb1 Qg6 16. Rb7 f5 17. exf5 Rxf5 18. Rxc7 Raf8 19. Rf1 g4 20. Rxc6 h4
21. Rc4 g3 22. h3 Rxf2 23. Rb1 Qf6 24. Rg4+ Kh8 25. Qe1 Rxc2 26. a4 Rxc3 27.
Rxh4+ 1/2-1/2

[Event "GBR-ch89 Major Open"]
[Site "Torquay"]
[Date "2002.08.07"]
[Round "9"]
[White "Nicholas, Koichi B"]
[Black "Jackson, Oliver"]
[Result "0-1"]
[WhiteElo "2106"]
[BlackElo "2226"]
[PlyCount "40"]
[EventDate "2002.07.29"]
[EventType "swiss"]
[EventRounds "11"]
[EventCountry "GBR"]

1. e4 c5 2. Nf3 e6 3. d4 cxd4 4. Nxd4 a6 5. Bd3 Nf6 6. O-O Qc7 7. Nc3 b5 8. a3
Bb7 9. Be3 Be7 10. f4 d6 11. Qf3 Nbd7 12. g4 g5 13. fxg5 Ne5 14. Qh3 Nfxg4 15.
Ncxb5 Qb6 16. Rxf7 Kxf7 17. Rf1+ Ke8 18. Nf5 Nxd3 19. Ng7+ Kd8 20. Nxe6+ Kc8
0-1

[Event "GBR-ch89 Major Open"]
[Site "Torquay"]
[Date "2002.08.07"]
[Round "9"]
[White "Payne, Robert"]
[Black "Taylor, Martin R"]
[Result "1/2-1/2"]
[WhiteElo "2111"]
[BlackElo "2255"]
[PlyCount "46"]
[EventDate "2002.07.29"]
[EventType "swiss"]
[EventRounds "11"]
[EventCountry "GBR"]

1. d4 d5 2. Nf3 e6 3. e3 Nf6 4. Bd3 c5 5. b3 Nbd7 6. Bb2 b6 7. O-O Bb7 8. Nbd2
g6 9. Qe2 Bg7 10. Ne5 O-O 11. f4 Ne8 12. Qg4 Qe7 13. h4 f5 14. Qh3 Nef6 15.
Ndf3 Rac8 16. a4 Rc7 17. Ba3 Rfc8 18. Ng5 Nxe5 19. dxe5 Ng4 20. Rfe1 Qe8 21.
Bb5 Bc6 22. Ba6 Bb7 23. Bb5 Bc6 1/2-1/2

[Event "GBR-ch89 Major Open"]
[Site "Torquay"]
[Date "2002.08.07"]
[Round "9"]
[White "Simons, Martin J"]
[Black "Frost, Nicholas A"]
[Result "1-0"]
[WhiteElo "2258"]
[BlackElo "2108"]
[PlyCount "81"]
[EventDate "2002.07.29"]
[EventType "swiss"]
[EventRounds "11"]
[EventCountry "GBR"]

1. e4 e6 2. d3 c5 3. g3 Nc6 4. Bg2 g6 5. Nc3 Bg7 6. Be3 Nd4 7. Nce2 Ne7 8. c3
Nxe2 9. Nxe2 d6 10. d4 cxd4 11. Nxd4 a6 12. Qd2 O-O 13. Bh6 Nc6 14. Bxg7 Kxg7
15. Nc2 Qc7 16. Rd1 Rd8 17. Ne3 h5 18. O-O b5 19. f4 Bb7 20. f5 exf5 21. Nd5
Qb8 22. exf5 Ne5 23. f6+ Kh7 24. Qg5 Ra7 25. Be4 Rd7 26. Qxh5+ Kg8 27. Qh6 Qf8
28. Ne7+ Rxe7 29. Qxf8+ Kxf8 30. fxe7+ Kxe7 31. Bxb7 Rxb7 32. Rd4 f5 33. h3 Ke6
34. Kg2 Rb6 35. g4 fxg4 36. hxg4 Nc4 37. Rf2 Rb7 38. g5 Ne3+ 39. Kf3 Nc4 40.
Kg3 Rg7 41. b3 1-0

[Event "GBR-ch89 Major Open"]
[Site "Torquay"]
[Date "2002.08.08"]
[Round "10"]
[White "Almond, Philip"]
[Black "Mycroft, Richard"]
[Result "1-0"]
[WhiteElo "2125"]
[BlackElo "2053"]
[PlyCount "42"]
[EventDate "2002.07.29"]
[EventType "swiss"]
[EventRounds "11"]
[EventCountry "GBR"]

1. c4 Nf6 2. Nc3 g6 3. e4 d6 4. d4 Bg7 5. f4 O-O 6. Nf3 c5 7. d5 e6 8. Be2 exd5
9. cxd5 Re8 10. e5 dxe5 11. fxe5 Ng4 12. O-O Nxe5 13. Bf4 Nbd7 14. d6 Qb6 15.
Nxe5 Bxe5 16. Bxe5 Rxe5 17. Bc4 Qxb2 18. Nd5 b5 19. Qf3 bxc4 20. Ne7+ Kg7 21.
Qxf7+ Kh8 1-0

[Event "GBR-ch89 Major Open"]
[Site "Torquay"]
[Date "2002.08.08"]
[Round "10"]
[White "Cox, Tristan"]
[Black "Nelson, Omowale"]
[Result "0-1"]
[WhiteElo "2097"]
[BlackElo "2080"]
[PlyCount "48"]
[EventDate "2002.07.29"]
[EventType "swiss"]
[EventRounds "11"]
[EventCountry "GBR"]

1. Nf3 d5 2. d4 Nf6 3. c4 dxc4 4. e3 e6 5. Bxc4 a6 6. O-O c5 7. dxc5 Qxd1 8.
Rxd1 Bxc5 9. Be2 b5 10. Nbd2 Bb7 11. a4 b4 12. Nc4 O-O 13. b3 Nc6 14. Nd6 Bxd6
15. Rxd6 Rfd8 16. Rxd8+ Rxd8 17. Bb2 Na5 18. Rd1 Rxd1+ 19. Bxd1 Nd7 20. Nd2 e5
21. e4 f6 22. f3 Nc5 23. Be2 Kf8 24. Bd1 Bc8 0-1

[Event "GBR-ch89 Major Open"]
[Site "Torquay"]
[Date "2002.08.08"]
[Round "10"]
[White "Dunn, Andrew M"]
[Black "Williams, Samuel G"]
[Result "0-1"]
[WhiteElo "2094"]
[BlackElo "2141"]
[PlyCount "44"]
[EventDate "2002.07.29"]
[EventType "swiss"]
[EventRounds "11"]
[EventCountry "GBR"]

1. d4 d6 2. e4 Nf6 3. Nc3 c6 4. Nf3 Bg4 5. Be3 e6 6. h3 Bxf3 7. gxf3 d5 8. e5
Nfd7 9. Rg1 c5 10. f4 g6 11. f5 cxd4 12. Bxd4 Nc6 13. Bb5 Rc8 14. Bxc6 bxc6 15.
fxe6 fxe6 16. Qg4 Qe7 17. f4 Bh6 18. Bf2 O-O 19. Bh4 Qf7 20. Ne2 Rb8 21. b3 Rb4
22. Bg5 Nxe5 0-1

[Event "GBR-ch89 Major Open"]
[Site "Torquay"]
[Date "2002.08.08"]
[Round "10"]
[White "Grigoryan, Meri"]
[Black "Fryer, David W"]
[Result "0-1"]
[WhiteElo "2032"]
[BlackElo "2097"]
[PlyCount "62"]
[EventDate "2002.07.29"]
[EventType "swiss"]
[EventRounds "11"]
[EventCountry "GBR"]

1. e4 c5 2. b3 a6 3. Bb2 Nc6 4. a4 e6 5. f4 Nf6 6. e5 Nd5 7. g3 Rb8 8. Na3 Nd4
9. Nf3 Nxf3+ 10. Qxf3 b5 11. axb5 axb5 12. Nxb5 Bb7 13. Rg1 Nb4 14. Qd1 Be4 15.
Na3 d5 16. Bc3 Be7 17. d3 Bg6 18. Qf3 O-O 19. Bh3 Qb6 20. Kd2 d4 21. Bxb4 Qxb4+
22. Ke2 Qc3 23. Rgc1 Ra8 24. Qh1 c4 25. Nb5 cxd3+ 26. Kf3 Qc6+ 27. Kf2 Qxh1 28.
Rxh1 Rxa1 29. Rxa1 dxc2 30. f5 exf5 31. Ke2 Bg5 0-1

[Event "GBR-ch89 Major Open"]
[Site "Torquay"]
[Date "2002.08.08"]
[Round "10"]
[White "Payne, Robert"]
[Black "Greet, Andrew"]
[Result "0-1"]
[WhiteElo "2111"]
[BlackElo "2243"]
[PlyCount "78"]
[EventDate "2002.07.29"]
[EventType "swiss"]
[EventRounds "11"]
[EventCountry "GBR"]

1. d4 e6 2. Nf3 f5 3. e3 Nf6 4. Bd3 b6 5. b3 Bb7 6. Bb2 Be7 7. Nbd2 O-O 8. O-O
Qe8 9. Qe2 Qg6 10. Rfe1 Ne4 11. Ne5 Qh6 12. f3 Nxd2 13. Qxd2 d6 14. Nc4 Nd7 15.
Qe2 Rae8 16. e4 fxe4 17. fxe4 d5 18. Nd2 e5 19. Nf3 exd4 20. Bxd4 Bd6 21. e5
Qh5 22. Qe3 c5 23. Qg5 Qxg5 24. Nxg5 Be7 25. Be3 Bxg5 26. Bxg5 Nxe5 27. Bb5 Bc6
28. Bxc6 Nxc6 29. Rad1 Nd4 30. Rxe8 Rxe8 31. Rd2 h6 32. Bh4 Re2 33. Rxe2 Nxe2+
34. Kf2 Nc3 35. a4 g5 36. Bg3 Ne4+ 37. Kf3 Nxg3 38. Kxg3 Kf7 39. h4 Kf6 0-1

[Event "GBR-ch89 Major Open"]
[Site "Torquay"]
[Date "2002.08.08"]
[Round "10"]
[White "Poobalasingam, Peter S"]
[Black "Lutton, J Ezra"]
[Result "0-1"]
[WhiteElo "2030"]
[BlackElo "2093"]
[PlyCount "52"]
[EventDate "2002.07.29"]
[EventType "swiss"]
[EventRounds "11"]
[EventCountry "GBR"]

1. d4 e6 2. Nf3 f6 3. g3 Kf7 4. Bg2 g6 5. O-O Bg7 6. c4 Ne7 7. Nc3 Rf8 8. e4 d6
9. d5 e5 10. Be3 b6 11. b4 a5 12. a3 Nd7 13. Rb1 Kg8 14. Nd2 f5 15. Nb3 f4 16.
gxf4 exf4 17. Bd4 Ne5 18. Bxe5 Bxe5 19. Rc1 axb4 20. axb4 f3 21. Bxf3 Bh3 22.
Bg2 Bxg2 23. Kxg2 Nf5 24. Ne2 Nh4+ 25. Kh1 Nf3 26. Nbd4 Nxh2 0-1

[Event "GBR-ch89 Major Open"]
[Site "Torquay"]
[Date "2002.08.08"]
[Round "10"]
[White "Prokopchuk, Evgeny"]
[Black "Simons, Martin J"]
[Result "1/2-1/2"]
[WhiteElo "2514"]
[BlackElo "2258"]
[PlyCount "92"]
[EventDate "2002.07.29"]
[EventType "swiss"]
[EventRounds "11"]
[EventCountry "GBR"]

1. e4 d6 2. d4 Nf6 3. Nc3 c6 4. Bg5 Nbd7 5. f4 h6 6. Bxf6 Nxf6 7. e5 Nd5 8.
Nxd5 cxd5 9. c3 Qb6 10. Bd3 Bd7 11. Qe2 a6 12. Nf3 Bg4 13. O-O e6 14. f5 dxe5
15. Qxe5 O-O-O 16. fxe6 fxe6 17. Qe3 Bxf3 18. Rxf3 Be7 19. Re1 Rd6 20. Rf7 Bf6
21. Kh1 Kb8 22. Qg3 Ka7 23. a4 Rc8 24. a5 Qd8 25. h3 Rd7 26. Rxd7 Qxd7 27. Qg4
Rc6 28. Bh7 Qe8 29. Bg6 Qd7 30. Qh5 Rc7 31. Qe2 Rc6 32. Qg4 Bd8 33. Bh7 Qf7 34.
Qf3 Bf6 35. Bc2 Rd6 36. Qg3 Qe7 37. Re2 Bh4 38. Qf3 Rd8 39. Qe3 Rf8 40. g3 Bg5
41. Qg1 Qf7 42. Kh2 Bd8 43. Qe3 Bxa5 44. Qf4 Qxf4 45. gxf4 Rxf4 46. Kg2 Rf6
1/2-1/2

[Event "GBR-ch89 Major Open"]
[Site "Torquay"]
[Date "2002.08.08"]
[Round "10"]
[White "Sharp, Thomas M"]
[Black "Cooley, Oliver"]
[Result "0-1"]
[WhiteElo "2031"]
[BlackElo "2096"]
[PlyCount "108"]
[EventDate "2002.07.29"]
[EventType "swiss"]
[EventRounds "11"]
[EventCountry "GBR"]

1. d4 Nf6 2. Nf3 g6 3. Bg5 Bg7 4. e3 d6 5. Bd3 O-O 6. Nbd2 c5 7. c3 Nc6 8. O-O
Rb8 9. Qe2 Qc7 10. Ne4 c4 11. Bc2 b5 12. Nxf6+ Bxf6 13. e4 Bxg5 14. Nxg5 f6 15.
Nf3 e5 16. Rad1 Bb7 17. Rd2 Rbd8 18. Rfd1 Ne7 19. h3 a5 20. Nh2 Ba6 21. Ng4
exd4 22. Rxd4 Nc6 23. Rd5 Ne7 24. R5d2 Bc8 25. Ne3 Be6 26. Qe1 b4 27. Rd4 b3
28. axb3 cxb3 29. Bb1 Nc6 30. Nd5 Bxd5 31. Rxd5 Ne5 32. Qe2 a4 33. R5d4 a3 34.
bxa3 Qxc3 35. f4 Nf7 36. Rc4 Qa5 37. Qb2 Rb8 38. Rc3 Qa4 39. Kh1 Rfc8 40. Rdc1
Rxc3 41. Rxc3 Kg7 42. Rc7 Ra8 43. e5 Qxf4 44. exf6+ Qxf6 45. Qxb3 d5 46. Rd7
Re8 47. Qb4 Qf2 48. Kh2 Re1 49. Qc3+ d4 50. Rxf7+ Kxf7 51. Qc7+ Kf8 52. Bc2
Qg1+ 53. Kg3 Re3+ 54. Kh4 Qf2+ 0-1

[Event "GBR-ch89 Major Open"]
[Site "Torquay"]
[Date "2002.08.08"]
[Round "10"]
[White "Varnam, Liam"]
[Black "Nicholas, Koichi B"]
[Result "1-0"]
[WhiteElo "2027"]
[BlackElo "2106"]
[PlyCount "61"]
[EventDate "2002.07.29"]
[EventType "swiss"]
[EventRounds "11"]
[EventCountry "GBR"]

1. e4 e5 2. Nf3 Nc6 3. Nc3 Nf6 4. Bb5 Bb4 5. O-O O-O 6. d3 d6 7. h3 h6 8. Ne2
Bd7 9. c3 Ba5 10. Be3 Qe7 11. Ng3 d5 12. Bd2 Bb6 13. exd5 Nxd5 14. Bxc6 Bxc6
15. Re1 f6 16. c4 Nb4 17. Qb3 a5 18. a3 Nxd3 19. Qxd3 Rfd8 20. Qe2 Bxf3 21.
gxf3 Qd7 22. Be3 Bxe3 23. Qxe3 Qxh3 24. Rad1 Qe6 25. Qe4 Qb6 26. Qg6 c6 27. Nf5
Qc7 28. Nxh6+ Kf8 29. Qh7 Rd7 30. Qh8+ Ke7 31. Nf5+ 1-0

[Event "GBR-ch89 Major Open"]
[Site "Torquay"]
[Date "2002.08.08"]
[Round "10"]
[White "Walton, Alan J"]
[Black "Hawkins, J Nicholas"]
[Result "1-0"]
[WhiteElo "2157"]
[BlackElo "2084"]
[PlyCount "107"]
[EventDate "2002.07.29"]
[EventType "swiss"]
[EventRounds "11"]
[EventCountry "GBR"]

1. d4 Nf6 2. Bg5 d5 3. Nc3 Nbd7 4. e3 g6 5. Bd3 Bg7 6. f4 O-O 7. Nf3 b6 8. O-O
Bb7 9. Qe1 Ne4 10. Qh4 Nxg5 11. Nxg5 Nf6 12. Rf3 h6 13. Raf1 Bc8 14. Nh3 Bf5
15. Nf2 Bxd3 16. cxd3 e6 17. g4 Nh7 18. Qxd8 Rfxd8 19. h4 c5 20. dxc5 bxc5 21.
Na4 Rab8 22. Rc1 Rdc8 23. Rc2 c4 24. d4 Bf8 25. a3 Rb3 26. Kg2 Rcb8 27. g5 h5
28. Nd1 Bd6 29. Ndc3 f5 30. Rff2 Kf7 31. Nd1 Nf8 32. Rc3 Nd7 33. Rfc2 Ke7 34.
Rxb3 Rxb3 35. Rc3 Rxc3 36. Naxc3 a6 37. Kf3 Nb6 38. Ke2 Kd7 39. Nf2 Ke7 40. Kd2
Kf7 41. Nh3 Ke7 42. Ng1 Kf7 43. Kc2 Ke7 44. Nf3 Nd7 45. Na4 Bc7 46. b3 cxb3+
47. Kxb3 Ba5 48. Nb2 Bc7 49. Nd3 Kd8 50. Nb4 a5 51. Nc6+ Ke8 52. Nfe5 Nxe5 53.
Nxe5 Ke7 54. Ka4 1-0

[Event "GBR-ch89 Major Open"]
[Site "Torquay"]
[Date "2002.08.08"]
[Round "10"]
[White "Waters, Clive L"]
[Black "Cannon, Richard J"]
[Result "0-1"]
[WhiteElo "2120"]
[BlackElo "2057"]
[PlyCount "84"]
[EventDate "2002.07.29"]
[EventType "swiss"]
[EventRounds "11"]
[EventCountry "GBR"]

1. c4 e5 2. g3 Nf6 3. Bg2 d5 4. cxd5 Nxd5 5. Nf3 Nc6 6. O-O Nb6 7. d3 Be7 8.
Nbd2 O-O 9. a3 a5 10. b3 f6 11. Bb2 Be6 12. Qc2 Bd5 13. Rfd1 Qe8 14. e4 Be6 15.
d4 exd4 16. Nxd4 Nxd4 17. Bxd4 Rc8 18. Qc3 a4 19. b4 Nd7 20. Be3 c5 21. b5 Ne5
22. Bf4 c4 23. Bxe5 fxe5 24. Nf1 Qxb5 25. Rab1 Qc5 26. Ne3 b5 27. Rd2 Bg5 28.
Rdb2 Qd4 29. Qe1 Rxf2 30. Kxf2 Rf8+ 31. Kg1 Bxe3+ 32. Kh1 c3 33. Rxb5 c2 34.
Ra1 Qxa1 35. Qxa1 c1=Q+ 36. Qxc1 Bxc1 37. Rxe5 Bb3 38. Rb5 Bxa3 39. e5 Bc1 40.
Bc6 Be6 41. Rb1 Be3 42. Ra1 Rc8 0-1

[Event "GBR-ch89 Major Open"]
[Site "Torquay"]
[Date "2002.08.09"]
[Round "11"]
[White "Barton, R Alan"]
[Black "Poobalasingam, Peter S"]
[Result "1-0"]
[WhiteElo "2093"]
[BlackElo "2030"]
[PlyCount "55"]
[EventDate "2002.07.29"]
[EventType "swiss"]
[EventRounds "11"]
[EventCountry "GBR"]

1. f4 e5 2. fxe5 d6 3. Nf3 Bg4 4. d4 Bxf3 5. exf3 dxe5 6. dxe5 Qxd1+ 7. Kxd1
Nc6 8. Bf4 O-O-O+ 9. Nd2 Nge7 10. Bc4 Ng6 11. Bg5 Rxd2+ 12. Kxd2 Ngxe5 13. Bb3
f6 14. Be3 Bb4+ 15. c3 Rd8+ 16. Ke2 Be7 17. Rad1 Bd6 18. f4 Ng6 19. g3 Kb8 20.
Kf3 Re8 21. Rhe1 Kc8 22. Bf2 Rd8 23. h4 h5 24. Rd5 Rh8 25. Rd2 Rd8 26. Rde2
Nge7 27. Be6+ Kb8 28. b4 1-0

[Event "GBR-ch89 Major Open"]
[Site "Torquay"]
[Date "2002.08.09"]
[Round "11"]
[White "Cooley, Oliver"]
[Black "Cannon, Richard J"]
[Result "0-1"]
[WhiteElo "2096"]
[BlackElo "2057"]
[PlyCount "56"]
[EventDate "2002.07.29"]
[EventType "swiss"]
[EventRounds "11"]
[EventCountry "GBR"]

1. e4 e6 2. d4 d5 3. Nc3 Nf6 4. e5 Nfd7 5. Nce2 c5 6. c3 Nc6 7. f4 Qb6 8. Nf3
cxd4 9. cxd4 Bb4+ 10. Bd2 O-O 11. a3 Bxd2+ 12. Qxd2 f6 13. Nc3 fxe5 14. dxe5
Nc5 15. Ng5 h6 16. Nxd5 Qd8 17. Qc2 hxg5 18. Nf6+ Kf7 19. Qxc5 gxf6 20. fxg5
fxg5 21. Bc4 Qa5+ 22. Qxa5 Nxa5 23. Bb5 a6 24. Bd3 Bd7 25. h4 gxh4 26. Rxh4 Rh8
27. Rf4+ Ke7 28. Kd2 Nb3+ 0-1

[Event "GBR-ch89 Major Open"]
[Site "Torquay"]
[Date "2002.08.09"]
[Round "11"]
[White "French, Angus J"]
[Black "Feavyour, John A"]
[Result "1-0"]
[WhiteElo "2090"]
[BlackElo "2099"]
[PlyCount "71"]
[EventDate "2002.07.29"]
[EventType "swiss"]
[EventRounds "11"]
[EventCountry "GBR"]

1. e4 e6 2. d4 d5 3. Nc3 Bb4 4. e5 c5 5. a3 Ba5 6. b4 cxd4 7. Qg4 Ne7 8. bxa5
dxc3 9. Qxg7 Rg8 10. Qxh7 Nbc6 11. f4 Qxa5 12. Nf3 Bd7 13. Rb1 O-O-O 14. Qd3 d4
15. Rb5 Qa4 16. Ng5 Rxg5 17. fxg5 Nd5 18. Qd1 Kb8 19. Bd3 Nxe5 20. Rb3 Nc4 21.
Qf3 Bc6 22. O-O Nde3 23. Qg3+ Ka8 24. Qc7 Qa5 25. Rxf7 Qxc7 26. Rxc7 Nd2 27.
Rb4 e5 28. g6 Nd5 29. Rh7 a5 30. g7 Ne7 31. Rh8 Ng8 32. Rc4 Bd5 33. Rc5 Ka7 34.
Rxd5 e4 35. Rxd8 exd3 36. Rxd4 1-0

[Event "GBR-ch89 Major Open"]
[Site "Torquay"]
[Date "2002.08.09"]
[Round "11"]
[White "Jones, Chris"]
[Black "Garnett, John S"]
[Result "1-0"]
[WhiteElo "2173"]
[BlackElo "2076"]
[PlyCount "125"]
[EventDate "2002.07.29"]
[EventType "swiss"]
[EventRounds "11"]
[EventCountry "GBR"]

1. e4 c5 2. c3 Nf6 3. e5 Nd5 4. d4 cxd4 5. Qxd4 e6 6. Bc4 Nc6 7. Qe4 Nb6 8. Bb3
d6 9. exd6 Bxd6 10. Nf3 Qc7 11. Be3 Bd7 12. Nbd2 Ne5 13. Nxe5 Bxe5 14. Nf3
Bxc3+ 15. Nd2 Bxb2 16. Rb1 Bf6 17. O-O Bc6 18. Qb4 Be7 19. Qc3 Bf6 20. Qc2 O-O
21. Nf3 Rac8 22. Rbc1 Qb8 23. Qe2 Nd5 24. Bd2 Rfd8 25. Rc4 Bb5 26. Rxc8 Bxe2
27. Rxb8 Rxb8 28. Rc1 Bxf3 29. gxf3 Be5 30. Rc4 Kf8 31. f4 Bd6 32. f5 Ke7 33.
fxe6 fxe6 34. Re4 Nc7 35. Bg5+ Kd7 36. Rd4 Rf8 37. Bd2 Ke7 38. Rxd6 Rxf2 39.
Bb4 Rf5 40. Rxe6+ Kd8 41. Rd6+ Ke8 42. Bc2 Rg5+ 43. Kf2 a5 44. Bd2 Rh5 45. Kg3
Nd5 46. Be4 Nb4 47. Bxb4 axb4 48. Rb6 Ra5 49. Bb1 Ra3+ 50. Kg2 Rc3 51. Rxb4 Rc7
52. Bxh7 Rd7 53. a4 Rd2+ 54. Kg3 Ra2 55. Be4 b6 56. Rxb6 Kd8 57. Rb4 Kc7 58.
Rc4+ Kb6 59. Bc6 Ra1 60. Bb5 Ra2 61. Rg4 Ra1 62. Kh3 Ra3+ 63. Rg3 1-0

[Event "GBR-ch89 Major Open"]
[Site "Torquay"]
[Date "2002.08.09"]
[Round "11"]
[White "Mycroft, Richard"]
[Black "Dunn, Andrew M"]
[Result "0-1"]
[WhiteElo "2053"]
[BlackElo "2094"]
[PlyCount "64"]
[EventDate "2002.07.29"]
[EventType "swiss"]
[EventRounds "11"]
[EventCountry "GBR"]

1. Nf3 g6 2. g3 Bg7 3. Bg2 e5 4. d3 Nc6 5. O-O d6 6. c4 h6 7. Nc3 Be6 8. Ne1
Qd7 9. Nd5 Nd8 10. Rb1 c6 11. Nc3 Bh3 12. b4 Bxg2 13. Nxg2 Ne7 14. b5 O-O 15.
Ba3 f5 16. bxc6 bxc6 17. e4 Ne6 18. f3 Rf7 19. Qa4 Raf8 20. Qa6 Nd4 21. Rb7 Qe6
22. f4 fxe4 23. Nxe4 exf4 24. Nxf4 Ne2+ 25. Nxe2 Rxf1+ 26. Kg2 Qg4 27. Rxe7
Qxe2+ 28. Kh3 Qh5+ 29. Kg2 Bd4 30. Nf6+ R1xf6 31. Qb7 Rf2+ 32. Kh1 Rxh2# 0-1

[Event "GBR-ch89 Major Open"]
[Site "Torquay"]
[Date "2002.08.09"]
[Round "11"]
[White "Nicholas, Koichi B"]
[Black "Kelly, Ian G"]
[Result "0-1"]
[WhiteElo "2106"]
[BlackElo "2041"]
[PlyCount "54"]
[EventDate "2002.07.29"]
[EventType "swiss"]
[EventRounds "11"]
[EventCountry "GBR"]

1. e4 g6 2. d4 Nf6 3. Nc3 d6 4. Be3 Bg7 5. f3 c6 6. Qd2 b5 7. O-O-O b4 8. Nce2
Ba6 9. Qxb4 Nbd7 10. Kb1 Rb8 11. Qd2 Nb6 12. Nc1 Bxf1 13. Rxf1 Nc4 14. Qc3
Rxb2+ 15. Qxb2 Nxb2 16. Kxb2 Qb6+ 17. Ka1 O-O 18. Nge2 e5 19. Nb3 exd4 20. Bxd4
c5 21. Bb2 a5 22. Rb1 a4 23. Nd2 Qa6 24. Nc1 Ne8 25. Bxg7 Kxg7 26. Rd1 Nc7 27.
a3 Nb5 0-1

[Event "GBR-ch89 Major Open"]
[Site "Torquay"]
[Date "2002.08.09"]
[Round "11"]
[White "Simons, Martin J"]
[Black "Greet, Andrew"]
[Result "0-1"]
[WhiteElo "2258"]
[BlackElo "2243"]
[PlyCount "86"]
[EventDate "2002.07.29"]
[EventType "swiss"]
[EventRounds "11"]
[EventCountry "GBR"]

1. e4 e6 2. d3 d5 3. Nd2 Nf6 4. Ngf3 b6 5. c3 Be7 6. Be2 O-O 7. O-O c5 8. Re1
Bb7 9. Qc2 Nc6 10. a3 Rc8 11. b3 Qc7 12. Bb2 Rfd8 13. Rac1 a6 14. b4 b5 15. Bf1
Qb8 16. Qb1 dxe4 17. Nxe4 Nxe4 18. dxe4 c4 19. Rcd1 Rxd1 20. Qxd1 Bd8 21. Qe2
Bb6 22. Bc1 Qa7 23. Be3 Bxe3 24. Qxe3 Qxe3 25. Rxe3 Rd8 26. Re1 f6 27. e5 Kf7
28. a4 Rd5 29. exf6 gxf6 30. g3 Rd6 31. axb5 axb5 32. Bg2 Rd3 33. Nd4 Nxd4 34.
Bxb7 Rxc3 35. Rd1 e5 36. Bd5+ Ke7 37. f4 Rb3 38. Ra1 Rxb4 39. fxe5 fxe5 40.
Ra7+ Kd6 41. Be4 c3 42. Bxh7 Rb2 43. h4 b4 0-1